| 000 | 00551nam a22001697a 4500 | ||
|---|---|---|---|
| 082 | _aBEE-4 TAH | ||
| 100 |
_aMuhammad Tahir _948574 |
||
| 245 | _aExploring smart ways for energy harvesting for wireless sensor networks | ||
| 260 |
_aIslamabad _bNUST-SEECS _c2016 |
||
| 300 |
_a72p. _b27cm. _eCD Includes |
||
| 500 | _aSupervisors: DR. Osman Hasan, Dr. Farooq Ahmad Tahir | ||
| 563 | _aHB | ||
| 700 |
_aIbraheem Bin Mehmood _992708 |
||
| 700 |
_aUsman Asif _992709 |
||
| 856 | _uhttp://10.250.8.41:8080/xmlui/handle/123456789/10700 | ||
| 942 |
_cPR _2ddc |
||
| 999 |
_c13663 _d13663 |
||